000 00951 a2200205 4500
001 48701
005 20260407155752.0
008 260407a1974 arg spa d
003 AR-UNSa-BCEJYS
040 _aAR-UNSa-BCEJYS
_bspa
_cAR-UNSa-BCEJYS
080 _a94(82):33
_xHistoria Económica Argentina
245 1 0 _aHistoria de los ferrocarriles argentinos
250 _a6a.ed.
264 1 _aBuenos Aires :
_bPlus Ultra
_c1974
300 _a398 p.
_c20 cm.
505 _a1. Historia del Ferrocarril Oeste - 2. Historia del Ferrocarril Central Argentino - 3. Historia del Ferrocarril Central Córdoba - 4. Historia del Ferrocarril Buenos Aires al Pacífico (1ª parte) - 5. Historia del Ferrocarril Buenos Aires (2ª parte)- 6. Historia del Ferrocarril Trasandino - 7. Historia de los Ferrocarriles del Estado - 8. Historia del Ferrocarril del Este.
942 _cBK
590 _aniveau_biblio:m niveau_hierar:0
100 1 _aScalabrini Ortiz, Raúl
999 _c4683
_d4683